Hedefteki adam Saddam (Record no. 10598)

MARC details
000 -BAŞLIK
Sabit Uzunlukta Kontrol Alanı 00725na a2200253 4500
001 - KONTROL NUMARASI
Denetim Alanı 24033
003 - KONTROL NUMARASI IDENTIFIER
Denetim Alanı MIRAKIL
005 - SON İŞLEM TARİHİ VE ZAMANI
Denetim Alanı 20181213155327.0
008 - SABİT-BOY VERİ ELEMANLARI - GENEL BİLGİLER
Sabit Uzunlukta Kontrol Alanı 180227b tu 000 0
020 ## - ULUSLARARASI STANDART KİTAP NUMARASI
Uluslararası Standart Kitap Numarası 9757045101
040 ## - KATALOGLAMA KAYNAK
Orijinal Kataloglama Ajansı Milas
Kataloglama Dili tur
Metne Dönüştürmek Ajansı TR-AnCHP
041 ## - DİL KODU
Metin / Ses Parça Veya Ayrı Başlığın Dil Kodu tur
082 ## - DEWEY ONLU SINIFLANDIRMA NUMARASI
Sınıflandırma Numarası 956.7044
Ürün Numarası Y28h 2002
090 ## - SINIFLAMA NUMARASI
Sınıflama Numarası 956.7044 Y28h 2002
100 ## - ANA GİRİŞ - KİŞİSEL İSİM
Kişisel Ad Yavi, Ersal
245 ## - BAŞLIK TABLOSU
Başlık Hedefteki adam Saddam
Sorumluluk Tablosu, Vb Ersal Yavi
260 ## - YAYIN, DAĞITIM, VB
Yayın, Dağıtım, Vb Yeri İzmir
Yayıncı, Dağıtıcı, Vs Adı Yazıcı Yayınevi
Yayın, Dağıtım, Vb Tarihi 2002
Üretici Firma Melisa matbaacılık
300 ## - FİZİKSEL TANIM
Kapsam 535 s.
Boyutlar 21 sm.
500 ## - GENEL NOT
Genel Not Yapıt yazarından imzalıdır.
650 ## - KONU KATMA GİRİŞ - TOPİKAL DÖNEM
Topikal Süreli Veya Coğrafi Ad Giriş Elemanı Cumhurbaşkanları
Genel Alt Bölümü Irak
-- Saddam Hüseyin
650 ## - KONU KATMA GİRİŞ - TOPİKAL DÖNEM
Topikal Süreli Veya Coğrafi Ad Giriş Elemanı Siyaset ve yönetim
Coğrafi Alt Bölümü Irak
651 ## - KONU KATMA GİRİŞ - COĞRAFİ ADI
Coğrafi İsim Irak
Genel Alt Bölümü Siyaset ve yönetim
942 ## - EKLENDİ GİRİŞ ELEMANLARI (KOHA)
Sınıflandırma Veya Raf Düzeni Kaynak Dewey Decimal Classification
Koha Öğesi Türü Books
999 ## - SİSTEM KONTROL NUMARALARI (KOHA)
Koha Biblionumber 10598
Koha Biblioitemnumber 10598
Holdings
Kalıcı Konum Mevcut Konum Edinme Tarihi Edinim Kaynak Toplam Check-Out'Lar Tam Çağrı Numarası Barkod Tarih Son Görülme İtibaren Geçerli Fiyatlar Koha Öğesi Türü
CHP Kütüphanesi CHP Kütüphanesi 02/27/2018 Bağış   956.7044 Y28h 2002 018054 02/27/2018 02/27/2018 Books